La Función de las Funciones
Uloženo v:
| Hlavní autoři: | , , |
|---|---|
| Médium: | Kniha |
| Jazyk: | španělština |
| Vydáno: |
Madrid
Ministerio de Educación y Ciencia
1994
Madrid Narcea 1994 |
| Vydání: | 1a. ed |
| Edice: | Matemáticas
|
| Témata: | |
| Tagy: |
Přidat tag
Žádné tagy, Buďte první, kdo vytvoří štítek k tomuto záznamu!
|
MARC
| LEADER | 00000nam a2200000 a 4500 | ||
|---|---|---|---|
| 001 | UCH5330 | ||
| 003 | CL-VaPUC | ||
| 008 | 091014e19940000sp |||||||||||||||||spa|d | ||
| 020 | |a 8427710879 | ||
| 082 | 0 | 4 | |a 372.7 |b CAL |2 21 |
| 100 | 0 | |a Callejo de la Vega, María Luz |e author |9 541612 | |
| 700 | 0 | |a Paz, M. Luz |e author |9 541613 | |
| 700 | 0 | |a Vidal, M. Dolores |e author |9 541614 | |
| 245 | 1 | 3 | |a La Función de las Funciones |
| 250 | |a 1a. ed | ||
| 300 | |a 3 v | ||
| 942 | |c BK | ||
| 945 | |d 20091014 00:00:00 |a ccalabra | ||
| 260 | |a Madrid |b Ministerio de Educación y Ciencia |c 1994 | ||
| 260 | |a Madrid |b Narcea |c 1994 | ||
| 500 | |a Materiales 12-16 para Educación Secundaria | ||
| 500 | |a Guía del profesorado, v.1 | ||
| 500 | |a Evaluación, v.2 | ||
| 500 | |a Actividades de aprendizaje, v.3 | ||
| 500 | |a Carpeta | ||
| 650 | 0 | |a Educación |9 258661 | |
| 650 | 0 | |a Matemática |9 260235 | |
| 650 | 0 | |a Libros de texto |9 270019 | |
| 583 | |a last modification |c 20171123 01:52:44 |k Rodrigo Vera | ||
| 490 | 0 | |a Matemáticas | |
| 999 | |c 336493 |d 336491 | ||